| 000 | 00697cam a22002293a 4500 | ||
|---|---|---|---|
| 001 | 19876 | ||
| 003 | PGUSA | ||
| 005 | 20140828083424.0 | ||
| 008 | 061120s2006||||xxu|||||s|||||000 | eng d | ||
| 040 |
_aPGUSA _beng |
||
| 042 | _adc | ||
| 050 | 4 | _aD501 | |
| 100 | 1 |
_aNasmith, George G. _q(George Gallie), _d1877-1965 |
|
| 245 | 1 | 0 |
_aOn the Fringe of the Great Fight _h[electronic resource] / _cGeorge G. Nasmith |
| 260 |
_bProject Gutenberg, _c2006 |
||
| 506 | _aPublic domain in the USA. | ||
| 516 | _aElectronic text | ||
| 653 | _aWorld War, 1914-1918 -- Personal narratives, English | ||
| 830 | 0 |
_aProject Gutenberg _v19876 |
|
| 856 | 4 | 0 | _uhttp://www.gutenberg.org/ebooks/19876 |
| 942 | _cEB | ||
| 999 |
_c249131 _d249131 |
||